| 000 | 00746nam a2200241Ia 4500 | ||
|---|---|---|---|
| 003 | OSt | ||
| 005 | 20220923213533.0 | ||
| 006 | a|||||r|||| 00| 0 | ||
| 007 | ta | ||
| 008 | 220922b |||||||| |||| 00| 0 hin d | ||
| 024 | _a162,697 | ||
| 037 | _cTextual | ||
| 040 |
_aARTS _cARTS _bhin |
||
| 041 |
_2hin _ahin |
||
| 082 | _aO152,3M80:g, H9 | ||
| 100 | _aगुप्त, मन्मथनाथ | ||
| 245 | 0 | _aप्रेमचंद और उनका साहित्य | |
| 246 | _aPremachanda aur unakā sāhitya | ||
| 260 | _c1949 | ||
| 650 |
_aहिन्दी साहित्य _9156264 |
||
| 942 |
_hO152,3M80:g, H9 _cTEXL _2CC |
||
| 999 |
_c317177 _d317177 |
||